| 000 | 00000nam 2200000zi 4500 |
| 001 | 9.928539 |
| 003 | CaOODSP |
| 005 | 20240129130739 |
| 006 | m o d f |
| 007 | cr ||||||||||| |
| 008 | 231011t20232023oncd o f00| 0 eng d |
| 020 | |a9780660682518 |
| 040 | |aCaOODSP|beng|erda|cCaOODSP |
| 043 | |an-cn--- |
| 086 | 1 |aH139-55/2023E-PDF |
| 245 | 00|aEmergence of desalkylgidazepam : |ba novel benzodiazepine in Canada. |
| 264 | 1|a[Ottawa] : |bHealth Canada = Santé Canada, |c2023. |
| 264 | 4|c©2023 |
| 300 | |a1 online resource (1 page) : |bcharts |
| 336 | |atext|btxt|2rdacontent |
| 337 | |acomputer|bc|2rdamedia |
| 338 | |aonline resource|bcr|2rdacarrier |
| 500 | |aIssued also in French under title: Émergence du désalkylgidazépam : une nouvelle benzodiazépine au Canada. |
| 500 | |aCaption title. |
| 650 | 0|aBenzodiazepines. |
| 650 | 0|aDrug abuse|zCanada. |
| 710 | 1 |aCanada. |bHealth Canada, |eissuing body. |
| 775 | 08|tÉmergence du désalkylgidazépam : |w(CaOODSP)9.928540 |
| 856 | 40|qPDF|s487 KB|uhttps://publications.gc.ca/collections/collection_2024/sc-hc/H139-55-2023-eng.pdf |
| 986 | |a230489 |